000 00293nam a2200109Ia 4500
008 171211s9999 xx 000 0 und d
245 _a50 Robots to Draw and Paint
245 _cKeith Thompson
260 _c2006
650 _xDrawing
856 _uhttp://down.ebook777.com/008/9780715324066.pdf
999 _c347999
_d347999